书目信息 |
| 题名: |
英国
|
|
| 作者: | 陈 著 ;孙丽冰 译 | |
| 分册: | ||
| 出版信息: | 北京 旅游教育出版社 2008 |
|
| 页数: | 273页 | |
| 开本: | 23cm | |
| 丛书名: | 文化震撼之旅 | |
| 单 册: | ||
| 中图分类: | K956.1 | |
| 科图分类: | ||
| 主题词: | ||
| 电子资源: | ||
| ISBN: | 978-7-5637-1601-2 | |
| 000 | 00921oam2 2200277 45 | |
| 001 | 1050785062 | |
| 005 | 20100420092239.92 | |
| 010 | @a978-7-5637-1601-2@dCNY38.00 | |
| 100 | @a20100408d2008 ekmy0chiy0120 ea | |
| 101 | 1 | @achi@ceng |
| 102 | @aCN@b110000 | |
| 105 | @aab z 000yy | |
| 106 | @ar | |
| 200 | 1 | @a英国@AYing Guo@f(新加坡) 泰瑞·陈著@F( Xin Jia Po ) Tai Rui· Chen Zhu@g孙丽冰译 |
| 210 | @a北京@c旅游教育出版社@d2008 | |
| 215 | @a273页@c图@d23cm | |
| 225 | 2 | @a文化震撼之旅@h第1辑 |
| 330 | @a本书主要内容为第一印象, 英国概况, 英国人, 融入英国社会, 现实生活面面观, 英国饮食, 娱乐休闲, 英式交谈, 着手工作, 英国掠影。 本丛书共15册。 | |
| 461 | 0 | @12001 @a文化震撼之旅@h第1辑 |
| 607 | @a英国@x概况 | |
| 607 | @a英国 | |
| 690 | @aK956.1@v4 | |
| 701 | 1 | @a陈@AChen@b泰瑞@4著 |
| 702 | 0 | @a孙丽冰@ASun Li Bing@4译 |
| 801 | 0 | @aCN@bTANGWEI@c20100420 |
| 905 | @b0590440-42@dK956.1@e180@f3 | |
| 英国/(新加坡) 泰瑞·陈著/孙丽冰译.-北京:旅游教育出版社,2008 |
| 273页:图;23cm.-(文化震撼之旅.第1辑) |
| ISBN 978-7-5637-1601-2:CNY38.00 |
| 本书主要内容为第一印象, 英国概况, 英国人, 融入英国社会, 现实生活面面观, 英国饮食, 娱乐休闲, 英式交谈, 着手工作, 英国掠影。 本丛书共15册。 |
| ● |
| 相关链接 |
|
|
|
|
正题名:英国
索取号:K956.1/180
 
预约/预借
| 序号 | 登录号 | 条形码 | 馆藏地/架位号 | 状态 | 备注 |
| 1 | 0590440 | 205904404 | 第二样本阅览室/ [索取号:K956.1/180] | 在馆 | |
| 2 | 0590441 | 205904413 | 第二借阅区/ [索取号:K956.1/180] | 在馆 | |
| 3 | 0590442 | 205904422 | 第二借阅区/ [索取号:K956.1/180] | 在馆 |